zpět

Detail výsledku týmu

The Pub Praha 2 ČT, Praha

Datum a čas kvízu

32 Celkem bodů Celkový počet nahraných bodů na tomto kvízu bez doplňovacích otázek.
7. Pořadí na kvízu Konečné umístění týmu na tomto kvízu.

Zaznamenané odpovědi

# Otázka Odpověď Body Výsledky
1. Příslušníci jisté profese se v... popeláři 1
2. Která velká evropská země schv... Francie 1
3. TV Prima minulý týden představ... Asia Express 1
4. Minulý týden se v českých médi... mobilní telefony 1
5. Brankář Anatolij Trubin v posl... Benfica Lisabon 0
6. Na obrázku níže můžete vidět d... Drákula a Frankenstein 0.5
7. Co by to bylo za hororové téma... C 0
8. Ze které (převážně videoherní)... Silent Hill 1
9. Přiřaďte herce a herečky k jej... 1D 2C 3A 4B 0
10. Čím je inspirován česko-americ... D 1